[Event "Delerium!"]
[Site "http://www.queenalice.com/game.php?id=888693"]
[Date "2011.1.20"]
[Round "-"]
[White "mvsales"]
[Black "limaosiciliano"]
[Result "0-1"]
[WhiteElo "1974"]
[BlackElo "1894"]

1. e4 e5 2. Nf3 Nc6 3. Bb5 a6 4. Ba4 Nf6 5. O-O Be7 6. Re1 b5 7. Bb3 d6 8. c3
O-O 9. h3 Nb8 10. d4 exd4 11. cxd4 c5 12. d5 Qc7 13. Bf4 c4 14. Bc2 Nbd7 15. e5
dxe5 16. Nxe5 Bd6 17. Nxd7 Bxd7 18. Bxd6 Qxd6 19. Nc3 Rfe8 20. Ne4 Nxe4 21. Bxe4
Rad8 22. Qh5 g6 23. Qf3 Bc8 24. a4 Bb7 25. axb5 axb5 26. Ra7 Bxd5 27. g3 Qc6 28.
Qf4 Kh8 29. f3 f5 30. Qc1 Qb6+ 31. Qe3 Qxe3+ 32. Rxe3 fxe4 33. fxe4 Rxe4 0-1

[Event "Morning prayer!"]
[Site "http://www.queenalice.com/game.php?id=888696"]
[Date "2011.1.20"]
[Round "-"]
[White "mahjones"]
[Black "mvsales"]
[Result "1/2-1/2"]
[WhiteElo "2208"]
[BlackElo "2008"]

1. e4 c5 2. Nf3 Nc6 3. d4 cxd4 4. Nxd4 Nf6 5. Nc3 d6 6. Be2 a6 7. Be3 e5 8. Nb3
Be7 9. f3 O-O 10. Qd2 Be6 11. O-O-O b5 12. Rdg1 Rc8 13. g4 Na5 14. h4 Nc4 15.
Bxc4 Rxc4 16. h5 b4 17. Ne2 d5 18. exd5 Qxd5 19. Qxd5 Nxd5 20. Bd2 Rfc8 21. Na1
a5 22. b3 R4c7 23. f4 exf4 24. Nxf4 Nxf4 25. Bxf4 Rc6 26. Rh2 Bf6 27. Kb1 Bxa1
28. Kxa1 Rxc2 29. Kb1 Rxh2 30. Bxh2 h6 31. g5 Bf5+ 32. Ka1 hxg5 33. a3 f6 34.
axb4 axb4 35. Bd6 Be6 36. Kb2 Rc3 37. Re1 Rxb3+ 38. Kc2 Kf7 39. Re4 f5 40. Rxb4
Rxb4 41. Bxb4 Kg8 42. Be7 g4 43. Kd2 f4 44. Ke2 Kh7 45. Bg5 f3+ 46. Kf2 Kg8 47.
Kg3 Kf7 48. Kf2 Bd7 49. Kg3 Bf5 50. Bh4 Ke6 51. Bg5 Kd5 52. h6 gxh6 53. Bxh6 Ke4
54. Kf2 Kd3 55. Bf4 1/2-1/2

[Event "Astral Voyage!"]
[Site "http://www.queenalice.com/game.php?id=888697"]
[Date "2011.1.20"]
[Round "-"]
[White "mvsales"]
[Black "mahjones"]
[Result "1/2-1/2"]
[WhiteElo "1953"]
[BlackElo "2175"]

1. d4 c5 2. d5 e5 3. c4 d6 4. Nc3 f5 5. g3 Nf6 6. Bg2 g6 7. e4 Bg7 8. Nge2 O-O
9. Bg5 h6 10. Be3 Ng4 11. Bd2 a6 12. a4 fxe4 13. Nxe4 Bf5 14. O-O Qe7 15. h3 Nf6
16. N2c3 Nbd7 17. a5 Nxe4 18. Nxe4 Nf6 19. Qe2 Qd7 20. Nxf6+ Rxf6 21. g4 Bc2 22.
Bxh6 Bxh6 23. Qxc2 Bf4 24. Be4 Qh7 25. Ra3 Kg7 26. Rb3 Rf7 27. Qd3 Rh8 28. Bg2
Qh4 29. Rb6 Qg5 30. Qb3 Qe7 31. Re1 Rd8 32. Qc3 Rd7 33. b4 cxb4 34. Qxb4 Qf6 35.
c5 dxc5 36. Qxc5 Qh4 37. Qc2 g5 38. Qg6+ Kf8 39. Reb1 Bd2 40. Rf6 Bxa5 41. Rxf7+
Rxf7 42. Qd6+ Kg8 43. Qg6+ Kf8 44. Qd6+ Kg8 45. Qg6+ Kf8 1/2-1/2

[Event "Disregarded!"]
[Site "http://www.queenalice.com/game.php?id=888698"]
[Date "2011.1.20"]
[Round "-"]
[White "mahjones"]
[Black "mvsales"]
[Result "1-0"]
[WhiteElo "2168"]
[BlackElo "2008"]

1. e4 c5 2. Nf3 Nc6 3. d4 cxd4 4. Nxd4 Nf6 5. Nc3 d6 6. Be2 g6 7. Be3 Bg7 8. Qd2
O-O 9. f3 a6 10. g4 Nxd4 11. Bxd4 b5 12. O-O-O Be6 13. h4 Rc8 14. h5 b4 15. Nd5
a5 16. hxg6 fxg6 17. Qg5 Bxd5 18. exd5 Qc7 19. Bd3 a4 20. Rxh7 Nxh7 21. Qxg6 Nf6
22. Bxf6 Rxf6 23. Qh7+ Kf7 24. g5 Rh8 25. Qe4 Bh6 26. f4 Bxg5 27. fxg5 Rf2 28.
g6+ Kg8 29. Qe6+ Kg7 30. Re1 Re8 31. Rh1 Rh8 32. Rxh8 Kxh8 33. Qh3+ Kg8 34. Qh7+
1-0

[Event "Amarantine!"]
[Site "http://www.queenalice.com/game.php?id=888699"]
[Date "2011.1.20"]
[Round "-"]
[White "mvsales"]
[Black "mahjones"]
[Result "1/2-1/2"]
[WhiteElo "1999"]
[BlackElo "2055"]

1. Nf3 g6 2. c4 c5 3. g3 Bg7 4. Nc3 Nc6 5. Bg2 e6 6. O-O Nge7 7. a3 a6 8. Rb1
Rb8 9. b4 cxb4 10. axb4 b5 11. cxb5 axb5 12. d4 Qb6 13. Be3 Nf5 14. Qd2 Ncxd4
15. Nxd4 Bxd4 16. Bxd4 Qxd4 17. Qc2 O-O 18. Rfd1 Qe5 19. e4 Nd4 20. Qd3 Nc6 21.
f4 Qc7 22. Nxb5 Qb6+ 23. Nd4 Nxd4 24. Qxd4 d6 25. Qxb6 Rxb6 26. Kf2 Bb7 27. Ke3
Rc8 28. Bf3 f5 29. Rd3 1/2-1/2

[Event "Firefly!"]
[Site "http://www.queenalice.com/game.php?id=888700"]
[Date "2011.1.20"]
[Round "-"]
[White "mahjones"]
[Black "mvsales"]
[Result "0-1"]
[WhiteElo "2058"]
[BlackElo "1760"]

1. c4 c5 2. Nc3 Nc6 3. g3 g6 4. Bg2 Bg7 5. e3 d6 6. Nge2 Nf6 7. O-O O-O 8. d4
Bf5 9. e4 Bd7 10. d5 Ne5 11. b3 Qa5 12. h3 Bc8 13. f4 Ned7 14. Bd2 a6 15. Qc2
Qc7 16. Rae1 Rb8 17. a4 Ne8 18. g4 Ndf6 19. e5 dxe5 20. fxe5 Nd7 21. e6 fxe6 22.
dxe6 Rxf1+ 23. Rxf1 Nf8 24. Nd5 Qd8 25. Rf7 Bxe6 26. Nxe7+ Kh8 27. Bg5 Bxf7 28.
Nxg6+ Bxg6 0-1

[Event "AUTO-OPEN-2238"]
[Site "http://www.queenalice.com/game.php?id=890079"]
[Date "2011.1.23"]
[Round "1"]
[White "PlinioSalgado"]
[Black "mvsales"]
[Result "0-1"]
[WhiteElo "1855"]
[BlackElo "1935"]

1. e4 e5 2. Nf3 Nf6 3. Nxe5 d6 4. Nf3 Nxe4 5. d4 d5 6. Bd3 Bd6 7. O-O O-O 8. c4
c6 9. cxd5 cxd5 10. Nc3 Bf5 11. Nxd5 Bxh2+ 12. Nxh2 Qxd5 13. Be3 Nc6 14. Nf3
Rfe8 15. Rc1 Rac8 16. Qa4 Nd6 17. Bc4 Nxc4 18. Qxc4 Qxc4 19. Rxc4 Bd3 20. Rfc1
Bxc4 21. Rxc4 Ne7 22. Rc3 Nd5 23. Rb3 Nxe3 24. fxe3 Re7 25. Ne1 Rc1 26. Kf2 h6
27. Nd3 Rc2+ 28. Kf3 g5 29. g4 Kg7 30. Nc5 b6 31. Nd3 f6 32. Rb5 Kg6 33. Rd5 Rd2
0-1

[Event "AUTO-OPEN-2238"]
[Site "http://www.queenalice.com/game.php?id=890080"]
[Date "2011.1.23"]
[Round "1"]
[White "mvsales"]
[Black "PlinioSalgado"]
[Result "1-0"]
[WhiteElo "1500"]
[BlackElo "1880"]

1. c4 Nf6 2. Nc3 g6 3. d4 d5 4. cxd5 Nxd5 5. e4 Nxc3 6. bxc3 Bg7 7. Bc4 c5 8.
Ne2 Nc6 9. Be3 O-O 10. O-O cxd4 11. cxd4 Bg4 12. f3 Na5 13. Bxf7+ Rxf7 14. fxg4
Rxf1+ 15. Qxf1 Qd7 16. Qf3 Rf8 17. Qg3 Nc4 18. Bf2 Nd2 19. Qd3 Qxg4 20. Qxd2
Qxe4 21. Re1 Qf5 22. Ng3 Qf7 23. Qe2 b6 24. Qe6 1-0

[Event "AUTO-OPEN-2238"]
[Site "http://www.queenalice.com/game.php?id=890104"]
[Date "2011.1.23"]
[Round "1"]
[White "ozzyvegeta"]
[Black "mvsales"]
[Result "0-1"]
[WhiteElo "1998"]
[BlackElo "1500"]

1. e4 c5 2. Nf3 d6 3. d4 cxd4 4. Nxd4 Nf6 5. Nc3 a6 6. Bc4 e6 7. O-O Be7 8. Be3
O-O 9. f4 b5 10. Bb3 Bb7 11. e5 Ne4 12. Nxe4 Bxe4 13. Qg4 Nc6 14. f5 Nxd4 15.
Bxd4 Bxf5 16. Rxf5 exf5 17. Qxf5 dxe5 18. Bxe5 Qb6+ 19. Kh1 Rad8 20. Rf1 Qg6 21.
Qf3 Rd2 22. Bc3 Rd7 23. Qe2 Bc5 24. Rf4 Re7 25. Qd1 Qd6 26. Qf1 b4 27. Be1 Qxf4
0-1

[Event "AUTO-OPEN-2238"]
[Site "http://www.queenalice.com/game.php?id=890105"]
[Date "2011.1.23"]
[Round "1"]
[White "mvsales"]
[Black "Maxi"]
[Result "1/2-1/2"]
[WhiteElo "2025"]
[BlackElo "1826"]

1. d4 d5 2. c4 c6 3. Nf3 e6 4. Nc3 Nf6 5. Bg5 Bb4 6. e3 O-O 7. Rc1 h6 8. Bh4 Be7
9. Bd3 Ng4 10. Bxe7 Qxe7 11. c5 e5 12. Nxe5 Nxe5 13. dxe5 Qxe5 14. O-O Na6 15.
Na4 b5 16. cxb6 axb6 17. Nxb6 Rb8 18. Nxc8 Rfxc8 19. Bxa6 Rc7 20. b3 Qb2 21. Qc2
Qa3 22. Bd3 Ra8 23. Ra1 c5 24. Rfd1 Rd7 25. Be4 Rad8 26. Bf3 g6 27. Rd2 Qb4 28.
Rad1 d4 29. exd4 Rxd4 30. Rxd4 Rxd4 31. h3 Qa5 32. Rxd4 cxd4 33. a4 h5 34. Qc4
Qe1+ 35. Qf1 Qc3 36. Qb1 d3 37. b4 d2 38. Kh2 Qe5+ 39. g3 Qe1 40. Qd1 Qxf2+ 41.
Bg2 1/2-1/2

[Event "AUTO-OPEN-2238"]
[Site "http://www.queenalice.com/game.php?id=890106"]
[Date "2011.1.23"]
[Round "1"]
[White "Maxi"]
[Black "mvsales"]
[Result "0-1"]
[WhiteElo "1799"]
[BlackElo "2009"]

1. d4 d5 2. Bf4 Nf6 3. e3 e6 4. c3 Bd6 5. Qf3 O-O 6. Bd3 c5 7. Nh3 Nc6 8. O-O
cxd4 9. exd4 e5 10. dxe5 Nxe5 11. Bxe5 Bxe5 12. Re1 Bg4 13. Qe3 Bd6 14. Nd2 Qc7
15. Nf1 Rfe8 16. Qg5 h6 17. Qh4 Re5 18. Rxe5 Bxe5 19. f3 Bxh3 20. Qxh3 Qb6+ 21.
Kh1 Qxb2 22. Rb1 Qxc3 23. f4 Bd4 24. Rxb7 Qa1 25. Qf3 Ne4 26. g3 Nf2+ 27. Kg2
Nxd3 28. Qxd5 Ne1+ 29. Kh3 Rf8 30. Nd2 Qc3 31. Ne4 Qc8+ 32. Kh4 Nf3+ 0-1

[Event "Challenge"]
[Site "http://www.queenalice.com/game.php?id=895301"]
[Date "2011.2.3"]
[Round "-"]
[White "Xmen"]
[Black "mvsales"]
[Result "0-1"]
[WhiteElo "1934"]
[BlackElo "1975"]

1. g3 Nf6 2. Bg2 g6 3. Nf3 Bg7 4. d3 O-O 5. O-O c5 6. a3 Nc6 7. Bd2 d5 8. Qc1
Bf5 9. Bh6 b5 10. Bxg7 Kxg7 11. Nh4 Be6 12. f3 Qc7 13. Nd2 Nh5 14. Qe1 g5 15. g4
Nf4 16. Nf5+ Bxf5 17. gxf5 h5 18. Qf2 Ne5 19. e3 Nxg2 20. Qxg2 Kh6 21. f4 gxf4
22. exf4 Rg8 23. fxe5 Rxg2+ 24. Kxg2 Rg8+ 25. Kh1 Qxe5 26. Rae1 Qd6 27. Re2 Qf6
28. Ref2 a6 29. Nf3 Qxb2 30. c4 Qb3 31. cxd5 Qxd5 32. Re2 e6 33. fxe6 fxe6 34.
Re5 Qc6 35. h3 Rf8 36. Re3 b4 37. Kh2 a5 38. Ne5 Qd6 39. Rfe1 Rf5 40. Kg3 b3 41.
Re4 b2 42. Kh4 b1=Q 43. Ng4+ hxg4 44. Rxe6+ Qxe6 45. Rxe6+ Kg7 46. Kxg4 Qxd3 47.
Re7+ Kf6 48. Re1 Qf3+ 0-1

[Event "Challenge"]
[Site "http://www.queenalice.com/game.php?id=895302"]
[Date "2011.2.3"]
[Round "-"]
[White "mvsales"]
[Black "Xmen"]
[Result "1-0"]
[WhiteElo "1914"]
[BlackElo "1868"]

1. d4 g6 2. c4 d6 3. Nc3 Bg7 4. e4 a6 5. Be3 Nf6 6. f3 O-O 7. Bd3 Bd7 8. Nge2
Qe8 9. Qd2 c6 10. O-O-O b5 11. g4 Qd8 12. Rdg1 b4 13. Nd1 a5 14. h4 Qb6 15. h5
c5 16. d5 a4 17. hxg6 fxg6 18. Bh6 a3 19. b3 Rf7 20. Bxg7 Rxg7 21. Qh6 Be8 22.
Nf4 Nbd7 23. Ne6 Rf7 24. g5 Nh5 25. Rxh5 Ne5 26. Be2 Ba4 27. Kc2 Bxb3+ 28. Kxb3
Qa5 29. Kc2 Qa4+ 30. Kd2 b3 31. Nc3 bxa2 32. Nxa4 Rxa4 33. Rhh1 a1=Q 34. Rxa1 a2
35. f4 Nd7 36. f5 Ne5 37. fxg6 Nxg6 38. Bh5 1-0

[Event "Challenge"]
[Site "http://www.queenalice.com/game.php?id=898316"]
[Date "2011.2.10"]
[Round "-"]
[White "mvsales"]
[Black "eddval"]
[Result "0-1"]
[WhiteElo "2023"]
[BlackElo "2085"]

1. d4 d5 2. Nf3 Bf5 3. c4 e6 4. Nc3 h6 5. g3 c6 6. cxd5 exd5 7. Bg2 Bd6 8. O-O
Nd7 9. Re1 Ngf6 10. Nd2 O-O 11. e4 dxe4 12. Ndxe4 Nxe4 13. Bxe4 Bxe4 14. Nxe4
Nf6 15. Nxd6 Qxd6 16. Bf4 Qd7 17. Rb1 Rad8 18. Be5 Ng4 19. b4 f6 20. Bf4 g5 21.
Be3 Rfe8 22. a4 Qf5 23. Qb3+ Kg7 24. Rb2 Rxd4 25. Bxd4 Rxe1+ 26. Kg2 Qe4+ 0-1

[Event "AUTO-OPEN-2238"]
[Site "http://www.queenalice.com/game.php?id=937161"]
[Date "2011.5.12"]
[Round "2"]
[White "ZL"]
[Black "mvsales"]
[Result "1-0"]
[WhiteElo "1877"]
[BlackElo "1934"]

1. d4 Nf6 2. c4 g6 3. Nc3 Bg7 4. e4 d6 5. g3 O-O 6. Bg2 c5 7. Nf3 cxd4 8. Nxd4
Nc6 9. O-O Nxd4 10. Qxd4 Qc7 11. b3 Qa5 12. Qd2 Bd7 13. Bb2 Rac8 14. Rac1 Bc6
15. Rfe1 b5 16. Qe2 bxc4 17. bxc4 Rb8 18. Ba1 Rfc8 19. Bh3 e6 20. Red1 1-0

[Event "AUTO-OPEN-2238"]
[Site "http://www.queenalice.com/game.php?id=937162"]
[Date "2011.5.12"]
[Round "2"]
[White "mvsales"]
[Black "ZL"]
[Result "0-1"]
[WhiteElo "1957"]
[BlackElo "1857"]

1. d4 Nf6 2. c4 g6 3. Nc3 d5 4. cxd5 Nxd5 5. e4 Nxc3 6. bxc3 Bg7 7. Bc4 c5 8.
Be3 Nc6 9. Nf3 O-O 10. O-O cxd4 11. cxd4 Bg4 12. Qb3 e6 13. Qxb7 Bxf3 14. Qxc6
Rc8 15. Qa4 Bxe4 16. Rad1 a5 17. d5 exd5 18. Be2 Bc2 0-1

[Event "Challenge"]
[Site "http://www.queenalice.com/game.php?id=946828"]
[Date "2011.6.7"]
[Round "-"]
[White "mvsales"]
[Black "ZUMBI"]
[Result "0-1"]
[WhiteElo "2015"]
[BlackElo "2013"]

1. e4 e5 2. Nf3 Nc6 3. Bb5 Nf6 4. O-O Bc5 5. d3 O-O 6. c3 a6 7. Ba4 b5 8. Bb3 a5
9. Bg5 h6 10. Bh4 b4 11. d4 exd4 12. cxd4 Bb6 13. e5 a4 14. exf6 gxf6 15. Bc2
Ba6 16. Re1 d5 17. Bxa4 Bb7 0-1

[Event "Challenge"]
[Site "http://www.queenalice.com/game.php?id=946831"]
[Date "2011.6.7"]
[Round "-"]
[White "ZUMBI"]
[Black "mvsales"]
[Result "1-0"]
[WhiteElo "2029"]
[BlackElo "1994"]

1. e4 c5 2. Nf3 Nc6 3. Bc4 Nf6 4. O-O d6 5. Nc3 e6 6. d4 cxd4 7. Nxd4 Be7 8. Re1
O-O 9. a4 Bd7 10. Ncb5 a6 11. Nc3 e5 12. Nf3 Na5 13. Ba2 Rc8 14. b4 Nc4 15. Nd5
Nxd5 16. Qxd5 Be6 17. Qxb7 f5 18. Qxa6 1-0

[Event "Challenge"]
[Site "http://www.queenalice.com/game.php?id=948557"]
[Date "2011.6.11"]
[Round "-"]
[White "mvsales"]
[Black "CapitanFerrini"]
[Result "0-1"]
[WhiteElo "1976"]
[BlackElo "1969"]

1. e4 c5 2. Nf3 d6 3. d4 cxd4 4. Nxd4 a6 5. Nc3 Nf6 6. f3 e5 7. Nb3 Be6 8. Bg5
Nbd7 9. Qd2 Be7 10. O-O-O b5 11. g4 b4 12. Ne2 Bxb3 13. cxb3 Nxe4 14. Bxe7 Rc8+
15. Nc3 Nxd2 16. Bxd8 bxc3 17. Ba5 Nxf1 18. Rhxf1 cxb2+ 19. Kxb2 Ke7 0-1